[Event "CHN-chB"]
[Site "Hangzhou"]
[Date "2019.07.04"]
[Round "6"]
[White "Sun, Yidi"]
[Black "Liu, Chuan"]
[Result "1-0"]
[WhiteElo "2212"]
[BlackElo "1966"]
[PlyCount "107"]
[EventDate "2019.07.02"]
[EventType "swiss"]
[EventRounds "11"]
[EventCountry "CHN"]
[SourceTitle "CBM 191 Extra"]
[Source "ChessBase"]
[SourceDate "2019.09.30"]
[SourceVersion "1"]
[SourceVersionDate "2019.09.30"]
[SourceQuality "1"]

1. e4 d6 2. d4 g6 3. Nc3 Bg7 4. Nf3 Nf6 5. Be2 0-0 6. 0-0 c6 7. Re1 Qc7 8. Bf4 Nbd7 9. e5 Nh5 10. exd6 exd6 11. Qd2 Nxf4 12. Qxf4 Nf6 13. Nd2 Bf5 14. Nc4 Rad8 15. Ne3 Be6 16. h4 Qa5 17. Rad1 Qb4 18. Rd3 Bxa2 19. b3 Nd7 20. Red1 Bxb3 21. cxb3 Nc5 22. Ne4 Nxd3 23. Rxd3 Rfe8 24. Nf6+ Bxf6 25. Qxf6 d5 26. Ng4 Qf8 27. Bf1 h5 28. Ne5 Qg7 29. Qf4 Re6 30. Rf3 Rf8 31. Bd3 b6 32. g4 c5 33. gxh5 cxd4 34. Nd7 Rd8 35. h6 g5 36. Nf6+ Rxf6 37. Qxf6 Qxf6 38. Rxf6 gxh4 39. Rf4 Re8 40. Rxh4 Kh8 41. Rxd4 Re6 42. h7 Re5 43. Rg4 f5 44. Rh4 d4 45. Kg2 a5 46. Kf3 b5 47. Kf4 Rd5 48. Bxf5 d3 49. Rg4 Rd8 50. Rg8+ Rxg8 51. hxg8Q+ Kxg8 52. Bxd3 a4 53. bxa4 bxa4 54. Bc4+ 1-0

[Event "CHN-chB"]
[Site "Hangzhou"]
[Date "2019.07.02"]
[Round "2"]
[White "Zou, Chen"]
[Black "Liu, Chuan"]
[Result "1-0"]
[WhiteElo "2440"]
[BlackElo "1966"]
[PlyCount "35"]
[EventDate "2019.07.02"]
[EventType "swiss"]
[EventRounds "11"]
[EventCountry "CHN"]
[SourceTitle "CBM 191 Extra"]
[Source "ChessBase"]
[SourceDate "2019.09.30"]
[SourceVersion "1"]
[SourceVersionDate "2019.09.30"]
[SourceQuality "1"]

1. d4 f5 2. c4 Nf6 3. Nc3 g6 4. h4 Bg7 5. h5 Nxh5 6. e4 Nf6 7. e5 Ne4 8. Nxe4 fxe4 9. Qg4 d5 10. Qg5 e6 11. Qg3 c5 12. Rxh7 Rxh7 13. Qxg6+ Kf8 14. Qxh7 Qe7 15. Be2 Ke8 16. cxd5 e3 17. Bxe3 Nd7 18. d6 1-0

[Event "China zt 3.5"]
[Site "Daqing"]
[Date "2018.08.18"]
[Round "9"]
[White "Liu, Chuan"]
[Black "Ning, Kaiyu"]
[Result "1-0"]
[WhiteElo "1962"]
[BlackElo "2244"]
[PlyCount "89"]
[EventDate "2018.08.13"]
[EventType "swiss"]
[EventRounds "11"]
[EventCountry "CHN"]
[SourceTitle "CBM 186 Extra"]
[Source "ChessBase"]
[SourceDate "2018.08.24"]
[SourceVersion "1"]
[SourceVersionDate "2018.08.24"]
[SourceQuality "1"]

1. d4 d5 2. c4 dxc4 3. Nf3 Nf6 4. e3 a6 5. Bxc4 b5 6. Be2 Bb7 7. 0-0 Nbd7 8. a4 b4 9. Nbd2 e6 10. a5 c5 11. Nc4 Qc7 12. Bd2 Be7 13. Rc1 0-0 14. dxc5 Bxc5 15. Ne1 Rad8 16. Bf3 Ne4 17. Qc2 Nxd2 18. Nxd2 Rc8 19. Nb3 Bxf3 20. Nxf3 Qb7 21. Qd3 Be7 22. h3 h6 23. Rfd1 Nf6 24. Nfd4 Rfd8 25. Rxc8 Rxc8 26. Rc1 Rxc1+ 27. Nxc1 Ne4 28. Ncb3 Nc5 29. Nxc5 Bxc5 30. Nb3 Be7 31. Nd2 Bf6 32. b3 Qd5 33. Qxd5 exd5 34. Kf1 Bd8 35. e4 Bg5 36. Ke2 Bxd2 37. Kxd2 dxe4 38. g4 f5 39. gxf5 Kf7 40. Ke3 Kf6 41. Kf4 g5+ 42. fxg6 Kxg6 43. Kxe4 Kg5 44. f4+ Kf6 45. f5 1-0

[Event "China zt 3.5"]
[Site "Daqing"]
[Date "2018.08.14"]
[Round "3"]
[White "Liu, Chuan"]
[Black "Zuo, Zhibo"]
[Result "1-0"]
[WhiteElo "1962"]
[BlackElo "1707"]
[PlyCount "115"]
[EventDate "2018.08.13"]
[EventType "swiss"]
[EventRounds "11"]
[EventCountry "CHN"]
[SourceTitle "CBM 186 Extra"]
[Source "ChessBase"]
[SourceDate "2018.08.24"]
[SourceVersion "1"]
[SourceVersionDate "2018.08.24"]
[SourceQuality "1"]

1. d4 Nf6 2. c4 g6 3. Nc3 Bg7 4. e4 d6 5. f3 0-0 6. Be3 Nc6 7. Nge2 e5 8. d5 Ne7 9. Qd2 Ne8 10. g4 Kh8 11. Ng3 f5 12. gxf5 gxf5 13. Nh5 f4 14. Bf2 Ng6 15. Nxg7 Nxg7 16. 0-0-0 Bd7 17. h4 Nh5 18. Qe1 b6 19. Bh3 Bxh3 20. Rxh3 Qc8 21. Rh2 Ne7 22. Ne2 Qa6 23. Qc3 Qxa2 24. Rg1 Ng8 25. Rhg2 Ngf6 26. Rg5 Rg8 27. Kc2 Raf8 28. Qb3 Qa6 29. R1g2 h6 30. Rxg8+ Rxg8 31. Rxg8+ Kxg8 32. Qb5 Qc8 33. Ng1 Kf7 34. Qc6 Ke7 35. b4 Ne8 36. Qa4 a6 37. c5 bxc5 38. bxc5 Kf8 39. c6 Qd8 40. Kd2 Ng3 41. Qxa6 Qxh4 42. Ke1 Qd8 43. Bxg3 fxg3 44. Kf1 Qh4 45. Qc8 Qf6 46. Kg2 Qg6 47. Ne2 Kf7 48. Nxg3 Qf6 49. Qd7+ Kf8 50. Qg4 Qg5 51. Kh3 Qxg4+ 52. Kxg4 Nf6+ 53. Kh4 Kf7 54. Nf5 Kg6 55. Nxd6 Nh7 56. Ne8 Ng5 57. d6 Ne6 58. dxc7 1-0